İLETİŞİMSİZLİK BECERİ (Record no. 1111744)

MARC details
000 -LEADER
sabit uzunluktaki kontrol alanı 00257nam a2200097Ia 4500
001 - KONTROL NUMARASI
kontrol alanı 1111744
005 - EN SON İŞLEMİN TARİH VE ZAMANI
kontrol alanı 20250827003917.0
008 - SABİT-UZUNLUKTA VERİ ÖĞELERİ--GENEL BİLGİ
sabit uzunluktaki kontrol alanı 250824s9999 xx 000 0 und d
245 #0 - ESER / YAZAR
ESER ADI İLETİŞİMSİZLİK BECERİ
Yazar Adı A.KADİR ÖZER
260 ## - YAYIN, DAĞITIM, VB.
YAYIN EVİ SİSTEM YAYINCILIK
Holdings
Düşüm durumu Kayıp durumu Hasar Durumu Ödünç verilmez Ana kütüphane Geçerli Kütüphane Edinilen tarih Toplam ödünç verme sayısı Barkod Son görüntüleme tarihi Fiyatın geçerli olmaya başladığı tarih Koha materyal türü
        YÜZÜNCÜ YIL MESLEKİ EĞİTİM MERKEZİ YÜZÜNCÜ YIL MESLEKİ EĞİTİM MERKEZİ 24.08.2025   10901221 27.08.2025 27.08.2025 Books